000 00965cab a2200205 4500
001 ##L135836
008 061212n2006 000 0 eng u
035 _a(Sirsi) u135836
041 0 _aeng
100 1 _aFordham, Peter
245 0 0 _aCost update
260 _c2006
490 0 _aBuilding
_v271(8459) 8 December 2006, 49-51(3)
520 _aDetails of Davis Langdon's quarterly analysis of construction materials and labour prices. Reports that building, mechanical and electrical costs continue to rise above inflation, as measured by the Consumer Prices Index. Steel and timber prices have recorded the sharpest increases, due to European demand, and the summer wage award saw an increase in basic rates of just 3.5%, the lowest for a number of years.
590 _aKA
650 2 4 _aDAVIS LANGDON QUARTERLY ANALYSIS OF CONSTRUCTION MATERIALS AND LABOUR PRICES
651 4 _aUnited Kingdom
_y
690 _aBUILT ENVIRONMENT-BUILDING COSTS
942 _n0
999 _c78027
_d78027